000 00628nam a2200205Ia 4500
005 20250508164438.0
008 008 250505s9999 xx 000 0 eng d
037 _aTextual
040 _aFEDL
_beng
_cFEDL
041 _aeng
_2eng
084 _a306.44, CHA
_qFEDL
100 _aChaudhary Nandita
245 0 _aListening to culture: Constructing reality from everyday talk
260 _aNew Delhi, India
_bSage Publications India Pvt Ltd
_c2004
300 _a235p
365 _aINR
_b395
650 _aLanguage and culture; Socialization
_9778171
942 _cTEXL
_h306.44, CHA
999 _c1389181
_d1389181